|
|
|
|
| LEADER |
00000cam a2200000 7i4500 |
| 001 |
0000029655 |
| 005 |
20151222.0 |
| 008 |
100722 |
| 020 |
|
|
|a 9833124060
|
| 090 |
0 |
0 |
|a JF
|b ENG
|
| 100 |
0 |
|
|a Badrul Risham
|
| 245 |
1 |
0 |
|a Budak baru
|c Badrul Risham
|
| 260 |
|
|
|a Selangor :
|b Bright Publication Sdn. Bhd ,
|c 2009
|
| 440 |
|
|
|a Koleksi novelku
|
| 500 |
|
|
|a Children ages 10-12 years old (pink)
|
| 650 |
|
0 |
|a Children's stories, Malay
|
| 999 |
|
|
|a 0001064888
|b Book
|c Children Collection
|e Cawangan Bandar Penawar
|
| 999 |
|
|
|a 0001065652
|b Book
|c Children Collection
|e Cawangan Segamat
|
| 999 |
|
|
|a 0001066128
|b Book
|c Children Collection
|e Cawangan Bandar Tenggara
|
| 999 |
|
|
|a 0001066769
|b Book
|c Children Collection
|e Perbadanan Perpustakaan Awam Johor
|
| 999 |
|
|
|a 0001066867
|b Book
|c Children Collection
|e Cawangan Pontian
|
| 999 |
|
|
|a 0001142536
|b Book
|c Children Collection
|e Perbadanan Perpustakaan Awam Johor
|
| 999 |
|
|
|a 0001142537
|b Book
|c Children Collection
|e Cawangan Taman Sri Lambak
|
| 999 |
|
|
|a 0001142538
|b Book
|c Children Collection
|e Perbadanan Perpustakaan Awam Johor
|